<?xml version="1.0" encoding="UTF-8"?><?xml-stylesheet type="text/xsl" href="static/style.xsl"?><OAI-PMH xmlns="http://www.openarchives.org/OAI/2.0/" xmlns:xsi="http://www.w3.org/2001/XMLSchema-instance" xsi:schemaLocation="http://www.openarchives.org/OAI/2.0/ http://www.openarchives.org/OAI/2.0/OAI-PMH.xsd"><responseDate>2026-05-11T23:45:40Z</responseDate><request verb="GetRecord" identifier="oai:riubu.ubu.es:10259/11212" metadataPrefix="marc">https://riubu.ubu.es/oai/request</request><GetRecord><record><header><identifier>oai:riubu.ubu.es:10259/11212</identifier><datestamp>2026-01-14T01:05:42Z</datestamp><setSpec>com_10259.4_2551</setSpec><setSpec>com_10259_5086</setSpec><setSpec>com_10259_2604</setSpec><setSpec>col_10259.4_2552</setSpec></header><metadata><record xmlns="http://www.loc.gov/MARC21/slim" xmlns:doc="http://www.lyncode.com/xoai" xmlns:xsi="http://www.w3.org/2001/XMLSchema-instance" xmlns:dcterms="http://purl.org/dc/terms/" xsi:schemaLocation="http://www.loc.gov/MARC21/slim http://www.loc.gov/standards/marcxml/schema/MARC21slim.xsd">
<leader>00925njm 22002777a 4500</leader>
<datafield tag="042" ind1=" " ind2=" ">
<subfield code="a">dc</subfield>
</datafield>
<datafield tag="720" ind1=" " ind2=" ">
<subfield code="a">Howard, Kristen R.</subfield>
<subfield code="e">author</subfield>
</datafield>
<datafield tag="720" ind1=" " ind2=" ">
<subfield code="a">Prado‐Nóvoa, Olalla</subfield>
<subfield code="e">author</subfield>
</datafield>
<datafield tag="720" ind1=" " ind2=" ">
<subfield code="a">Zorrilla Revilla, Guillermo</subfield>
<subfield code="e">author</subfield>
</datafield>
<datafield tag="720" ind1=" " ind2=" ">
<subfield code="a">Laskaridou, Eleni</subfield>
<subfield code="e">author</subfield>
</datafield>
<datafield tag="720" ind1=" " ind2=" ">
<subfield code="a">Reid, Glen R.</subfield>
<subfield code="e">author</subfield>
</datafield>
<datafield tag="720" ind1=" " ind2=" ">
<subfield code="a">Marinik, Elaina L.</subfield>
<subfield code="e">author</subfield>
</datafield>
<datafield tag="720" ind1=" " ind2=" ">
<subfield code="a">Stamatiou, Marina</subfield>
<subfield code="e">author</subfield>
</datafield>
<datafield tag="720" ind1=" " ind2=" ">
<subfield code="a">Hambly, Catherine</subfield>
<subfield code="e">author</subfield>
</datafield>
<datafield tag="720" ind1=" " ind2=" ">
<subfield code="a">Davy, Brenda M.</subfield>
<subfield code="e">author</subfield>
</datafield>
<datafield tag="720" ind1=" " ind2=" ">
<subfield code="a">Speakman, John R.</subfield>
<subfield code="e">author</subfield>
</datafield>
<datafield tag="720" ind1=" " ind2=" ">
<subfield code="a">Davy, Kevin P.</subfield>
<subfield code="e">author</subfield>
</datafield>
<datafield tag="260" ind1=" " ind2=" ">
<subfield code="c">2025-10</subfield>
</datafield>
<datafield tag="520" ind1=" " ind2=" ">
<subfield code="a">The prevailing linear model of physical activity (PA) and total energy expenditure (TEE) has been challenged by models that predict an upper limit of TEE linked to a compensatory reduction elsewhere in the energy budget in response to increased PA. We determined the equation of best fit between PA and TEE and explored relationships between PA and behavioral and physiological compensation. Using linear and nonlinear modeling, we observed a positive linear relationship between PA and TEE either without or after adjustment for fat-free mass (R2= 0.3492, TEE = 0.00685*PA + 7.124: R2=0.3667, TEE_ADJ(FFM) = 0.00511*PA + 8.598). Higher PA was associated with lower sedentary time (R2= 0.7207, %SPA= −0.0211*X + 91.261). There was no association between PA, TEE, or resting metabolic rate and adjusted biomarkers of immune, reproductive, or thyroid function after Bonferroni correction. The findings of this observational study do not support the constrained/compensated model but affirm the conventional additive relationship between PA and TEE across a broad range of PA levels.</subfield>
</datafield>
<datafield tag="024" ind2=" " ind1="8">
<subfield code="a">0027-8424</subfield>
</datafield>
<datafield tag="024" ind2=" " ind1="8">
<subfield code="a">https://hdl.handle.net/10259/11212</subfield>
</datafield>
<datafield tag="024" ind2=" " ind1="8">
<subfield code="a">10.1073/pnas.2519626122</subfield>
</datafield>
<datafield tag="024" ind2=" " ind1="8">
<subfield code="a">1091-6490</subfield>
</datafield>
<datafield ind1=" " ind2=" " tag="653">
<subfield code="a">Physical activity</subfield>
</datafield>
<datafield ind1=" " ind2=" " tag="653">
<subfield code="a">Energy expenditure</subfield>
</datafield>
<datafield ind1=" " ind2=" " tag="653">
<subfield code="a">Doubly-labelled water</subfield>
</datafield>
<datafield ind1=" " ind2=" " tag="653">
<subfield code="a">Constraint</subfield>
</datafield>
<datafield ind1=" " ind2=" " tag="653">
<subfield code="a">Compensation</subfield>
</datafield>
<datafield tag="245" ind1="0" ind2="0">
<subfield code="a">Physical activity is directly associated with total energy expenditure without evidence of constraint or compensation</subfield>
</datafield>
</record></metadata></record></GetRecord></OAI-PMH>